000 00505nam a22001457a 4500
003 macl
005 20180408120932.0
008 180408b xxu||||| |||| 00| 0 eng d
040 _cmacl
100 _aकन्‍हैयालाल माणिकलाल मुंशी
_946817
245 _aगुजरात के नाथ
260 _aनयी दिल्‍ली
_bलेखश्री पब्लिकेशन
_c2016
650 _aउपन्‍यास
_971829
942 _2ddc
_cHIN
999 _c57570
_d57570